00257nam a2200097Ia 4500008004000000082001300040100002300053245004100076260003000117300001200147210210b1973 xxu||||| |||| 00| 0 eng d a301 LARM aLARSON (Calvin J). aMajor themes in sociological theory. aNYbDavid Mckay Co.c1973 axii,254